000 00974cam a2200265 i 4500
005 20180803165114.0
008 030714s2002 ck a r 000 0 eng d
015 _aSSN
020 _a9076894078
040 _aCO-BoPUJ
_cCO-BoIAVH
_dCO-BoIAVH
041 0 _aeng
_aspa
_ager
082 0 4 _a583.3
_bO74e
100 1 _aOrozco Pardo, Clara Inés
245 1 0 _aEvolutionary biology of brunellia Ruiz & Pavón :
_b(Brunelliaceae, oxalidales) /
_cClara Inés Orozco Pardo.
260 _aBogotá :
_bGuadalupe,
_c2002.
300 _a194 páginas :
_bilustraciones ;
_c23 cm.
490 0 0 _aColección Jorge Álvarez Lleras ;
_v22
504 _aIncluye referencias bibliográficas.
546 _aTexto en Inglés, Español y Alemán.
650 1 4 _aDicotiledonias
650 2 4 _aTaxonomía vegetal
650 2 4 _aEvolución de las plantas
710 2 _aAcademia Colombiana de Ciencias Exactas, F´isicas y Naturales
942 _2ddc
_cLIBRO
_01
999 _c3635
_d3635